Electric machinery fundamentals / (Record no. 3415)
[ view plain ]
| 000 -LEADER | |
|---|---|
| fixed length control field | 00730cam a22002534a 4500 |
| 001 - CONTROL NUMBER | |
| control field | 20001 |
| 003 - CONTROL NUMBER IDENTIFIER | |
| control field | BD-DhUAP |
| 005 - DATE AND TIME OF LATEST TRANSACTION | |
| control field | 20201229125640.0 |
| 008 - FIXED-LENGTH DATA ELEMENTS--GENERAL INFORMATION | |
| fixed length control field | 200304s20152005ii a b 001 0 eng |
| 010 ## - LIBRARY OF CONGRESS CONTROL NUMBER | |
| LC control number | 2003065174 |
| 020 ## - INTERNATIONAL STANDARD BOOK NUMBER | |
| International Standard Book Number | 9780071070522 |
| 020 ## - INTERNATIONAL STANDARD BOOK NUMBER | |
| International Standard Book Number | 0071070524 |
| 020 ## - INTERNATIONAL STANDARD BOOK NUMBER | |
| International Standard Book Number | 0072465239 |
| 040 ## - CATALOGING SOURCE | |
| Original cataloging agency | DLC |
| Transcribing agency | DLC |
| Modifying agency | BD-DhUAP |
| Language of cataloging | Eng |
| 082 00 - DEWEY DECIMAL CLASSIFICATION NUMBER | |
| Classification number | 621.31042 CHA |
| Edition number | 23 |
| 100 1# - MAIN ENTRY--PERSONAL NAME | |
| Personal name | Chapman, Stephen J. |
| 245 10 - TITLE STATEMENT | |
| Title | Electric machinery fundamentals / |
| Statement of responsibility, etc. | Stephen J. Chapman. |
| 250 ## - EDITION STATEMENT | |
| Edition statement | 4th ed. |
| 260 ## - PUBLICATION, DISTRIBUTION, ETC. | |
| Place of publication, distribution, etc. | New Delhi : |
| Name of publisher, distributor, etc. | McGraw-Hill Education Pvt. LIt., |
| Date of publication, distribution, etc. | c2005 [Reprinted 2015]. |
| 300 ## - PHYSICAL DESCRIPTION | |
| Extent | xxii, 746 pages : |
| Other physical details | illustrations ; |
| Dimensions | 24 cm. |
| 500 ## - GENERAL NOTE | |
| General note | Includes index. |
| 650 #0 - SUBJECT ADDED ENTRY--TOPICAL TERM | |
| Topical term or geographic name entry element | Electric machinery. |
| 942 ## - ADDED ENTRY ELEMENTS (KOHA) | |
| Source of classification or shelving scheme | |
| Koha item type | Book |
| Withdrawn status | Lost status | Source of classification or shelving scheme | Damaged status | Not for loan | Permanent Location | Current Location | Shelving location | Date acquired | Total Checkouts | Full call number | Barcode | Date last seen | Date last checked out | Copy number | Price effective from | Koha item type | Total Renewals |
|---|---|---|---|---|---|---|---|---|---|---|---|---|---|---|---|---|---|
| UAP Central Library | UAP Central Library | General Stacks | 2020-03-04 | 3 | 621.31042 CHA | 3010020001 | 2025-01-30 | 2025-01-29 | 1 | 2020-03-04 | Book | ||||||
| UAP Central Library | UAP Central Library | General Stacks | 2020-03-04 | 621.31042 CHA | 3010016750 | 2020-03-04 | 2 | 2020-03-04 | Book | ||||||||
| UAP Central Library | UAP Central Library | General Stacks | 2020-03-04 | 621.31042 CHA | 3010016751 | 2020-03-04 | 3 | 2020-03-04 | Book | ||||||||
| UAP Central Library | UAP Central Library | General Stacks | 2020-03-04 | 621.31042 CHA | 3010016752 | 2020-03-04 | 4 | 2020-03-04 | Book | ||||||||
| UAP Central Library | UAP Central Library | General Stacks | 2020-03-04 | 1 | 621.31042 CHA | 3010020002 | 2026-05-20 | 2026-04-13 | 5 | 2020-03-04 | Book | 2 | |||||
| UAP Central Library | UAP Central Library | General Stacks | 2020-03-04 | 2 | 621.31042 CHA | 3010020004 | 2024-02-27 | 2024-02-20 | 6 | 2020-03-04 | Book | ||||||
| UAP Central Library | UAP Central Library | General Stacks | 2020-03-04 | 3 | 621.31042 CHA | 3010020003 | 2025-10-20 | 2025-09-09 | 7 | 2020-03-04 | Book | 4 | |||||
| UAP Central Library | UAP Central Library | General Stacks | 2020-03-04 | 1 | 621.31042 CHA | 3010016749 | 2024-12-26 | 2024-12-19 | 8 | 2020-03-04 | Book | ||||||
| UAP Central Library | UAP Central Library | General Stacks | 2020-03-04 | 621.31042 CHA | 3010012236 | 2020-12-29 | 9 | 2020-03-04 | Book | ||||||||
| UAP Central Library | UAP Central Library | General Stacks | 2020-12-29 | 5 | 621.31042 CHA | 3010020005 | 2025-04-09 | 2025-03-06 | 10 | 2020-12-29 | Book | 4 | |||||
| UAP Central Library | UAP Central Library | Reserve Stacks | 2021-01-13 | 621.31042 CHA | 3010009637 | 2021-01-13 | 11 | 2021-01-13 | Book | ||||||||
| UAP Central Library | UAP Central Library | Reserve Stacks | 2021-01-13 | 621.31042 CHA | 3010013956 | 2021-01-13 | 12 | 2021-01-13 | Book | ||||||||
| UAP Central Library | UAP Central Library | Reserve Stacks | 2021-01-13 | 621.31042 CHA | 3010013953 | 2021-01-13 | 13 | 2021-01-13 | Book | ||||||||
| UAP Central Library | UAP Central Library | Reserve Stacks | 2021-01-13 | 621.31042 CHA | 3010013955 | 2021-01-13 | 14 | 2021-01-13 | Book | ||||||||
| UAP Central Library | UAP Central Library | Reserve Stacks | 2021-01-13 | 621.31042 CHA | 3010013957 | 2021-01-13 | 15 | 2021-01-13 | Book | ||||||||
| UAP Central Library | UAP Central Library | Reserve Stacks | 2021-01-13 | 621.31042 CHA | 3010013954 | 2021-01-27 | 16 | 2021-01-13 | Book |
Bengali Keyboard